Good Thinking: (Record no. 84050)

MARC details
000 -LEADER
fixed length control field 00753nam a22002177a 4500
005 - DATE AND TIME OF LATEST TRANSACTION
control field 20170428152452.0
010 ## - LCCN (DPL NO)
LC control number B-514011-017 ENG-117986
020 ## - INTERNATIONAL STANDARD BOOK NUMBER
International Standard Book Number 9781107644595
Terms of availability 245.00
035 ## - SYSTEM CONTROL NUMBER
System control number B-514011-017
035 ## - SYSTEM CONTROL NUMBER
System control number EN-101518
037 ## - SOURCE OF ACQUISITION
Stock number dpl
Source of stock number/acquisition BSB/Ven
037 ## - SOURCE OF ACQUISITION
Source of stock number/acquisition DBAD/PUB
082 ## - DEWEY DECIMAL CLASSIFICATION NUMBER
Classification number 153.4
100 ## - MAIN ENTRY--PERSONAL NAME
Personal name Cummins, Denise D.
245 ## - TITLE STATEMENT
Title Good Thinking:
Remainder of title seven powerful ideas that influence the way we think/
Statement of responsibility, etc by Denise D. Cummins
260 ## - PUBLICATION, DISTRIBUTION, ETC. (IMPRINT)
Place of publication, distribution, etc New Delhi
Name of publisher, distributor, etc Cambridge University Press
Date of publication, distribution, etc 2012
270 ## - ADDRESS
Address 438/4, Ansari Road, Daryaganj
City New Delhi
Postal code 110002
300 ## - PHYSICAL DESCRIPTION
Extent 199p.
Dimensions 23cm(pbk)
942 ## - ADDED ENTRY ELEMENTS (KOHA)
Source of classification or shelving scheme Dewey Decimal Classification
Item type English Books
Classification part 153.4
Call number suffix CUM
Holdings
Withdrawn status Lost status Not for loan Collection code Home library Current library Date acquired Source of acquisition Cost, normal purchase price Full call number Barcode Copy number Cost, replacement price Koha item type
      Non-fiction Bawana Bawana 08/05/2014 BSB/89214.03.2013/169/08.03.2013/23.03.2013 245.00 153.4 CUM B-514015 1 245.00 English Books
  Written-off vide DLB M. No. 383 dt 16.05.19   Non-fiction Central Library Central Library 08/05/2014 BSB/89214.03.2013/169/08.03.2013/23.03.2013 245.00 153.4 CUM B-514011 1 245.00 English Books
      Non-fiction Janak Puri Janak Puri 08/05/2014 BSB/89214.03.2013/169/08.03.2013/23.03.2013 245.00 153.4 CUM B-514014 1 245.00 English Books
      Non-fiction Kasturba Gandhi Marg Kasturba Gandhi Marg 08/05/2014 BSB/89214.03.2013/169/08.03.2013/23.03.2013 245.00 153.4 CUM B-514013 1 245.00 English Books
      Non-fiction Narela Narela 08/05/2014 BSB/89214.03.2013/169/08.03.2013/23.03.2013 245.00 153.4 CUM B-514016 1 245.00 English Books
      Non-fiction Patel Nagar Patel Nagar 08/05/2014 BSB/89214.03.2013/169/08.03.2013/23.03.2013 245.00 153.4 CUM B-514012 1 245.00 English Books
      Non-fiction Shahdara Branch Shahdara Branch 08/05/2014 BSB/89214.03.2013/169/08.03.2013/23.03.2013 245.00 153.4 CUM B-514017 1 245.00 English Books
      Non-fiction Shahdara Branch Shahdara Branch 28/04/2017 DBAD/PUB 245.00 153.4 CUM EN-101518 1 245.00 English Books

© Delhi Public Library
Hit Counter
free hit counter